00423pab a2200133 454500008004000000100002500040245011800065260000900183300001500192362000800207650002200215650002000237773003200257180718b2003 xxu||||| |||| 00| 0 eng d aOaikhenan, Hassan E. aThe impact of economic reform on the behaviour of stock prices: empirical evidence from the Nigerian stock market c2003 ap.287-304. aJan aFinancial markets aEconomic reform aIndian Journal of Economics